Business finance / (Record no. 3535)

000 -LEADER
fixed length control field 00892nam a2200325 i 4500
001 - CONTROL NUMBER
control field 2712765
003 - CONTROL NUMBER IDENTIFIER
control field OSt
005 - DATE AND TIME OF LATEST TRANSACTION
control field 20161013124739.0
008 - FIXED-LENGTH DATA ELEMENTS--GENERAL INFORMATION
fixed length control field 761019s1976 enka b 001 0 eng
010 ## - LIBRARY OF CONGRESS CONTROL NUMBER
LC control number 76377017
015 ## - NATIONAL BIBLIOGRAPHY NUMBER
National bibliography number GB76-21063
020 ## - INTERNATIONAL STANDARD BOOK NUMBER
International Standard Book Number 9780074714720:
Terms of availability £3.75
040 ## - CATALOGING SOURCE
Original cataloging agency DLC
Transcribing agency DLC
Modifying agency DLC
050 00 - LIBRARY OF CONGRESS CALL NUMBER
Classification number HF5550..P48 2006
082 00 - DEWEY DECIMAL CLASSIFICATION NUMBER
Classification number 658.1/52
100 1# - MAIN ENTRY--PERSONAL NAME
Personal name Pierson, Graham
245 10 - TITLE STATEMENT
Title Business finance /
Statement of responsibility, etc by Pierson, Graham... [et. al.]
250 ## - EDITION STATEMENT
Edition statement 9th ed.
260 ## - PUBLICATION, DISTRIBUTION, ETC. (IMPRINT)
Place of publication, distribution, etc Australia :
Name of publisher, distributor, etc McGraw Hill
Date of publication, distribution, etc 2006.
300 ## - PHYSICAL DESCRIPTION
Extent xxiv, 856 p. :
Other physical details ill. ;
Dimensions 25 cm.
500 ## - GENERAL NOTE
General note Includes index.
504 ## - BIBLIOGRAPHY, ETC. NOTE
Bibliography, etc includes indexes
650 #0 - SUBJECT ADDED ENTRY--TOPICAL TERM
Topical term or geographic name as entry element Business enterprises
General subdivision Finance.
650 #0 - SUBJECT ADDED ENTRY--TOPICAL TERM
Topical term or geographic name as entry element Corporations
General subdivision Finance.
700 ## - ADDED ENTRY--PERSONAL NAME
Personal name Brown, Rob
700 ## - ADDED ENTRY--PERSONAL NAME
Personal name Easton, Steve
700 ## - ADDED ENTRY--PERSONAL NAME
Personal name Howard, Peter
906 ## - LOCAL DATA ELEMENT F, LDF (RLIN)
a 7
b cbc
c orignew
d 3
e ncip
f 19
g y-gencatlg
942 ## - ADDED ENTRY ELEMENTS (KOHA)
Source of classification or shelving scheme
Koha item type Book
Holdings
Withdrawn status Lost status Source of classification or shelving scheme Damaged status Not for loan Home library Current library Shelving location Date acquired Total Checkouts Full call number Barcode Date last seen Date checked out Copy number Price effective from Koha item type
          Riara University Library Riara University Library General stack 13/10/2016 2 HF5550..P48 2006 8784/16 20/09/2018 20/09/2018 C.1 13/10/2016 Book
          Riara University Library Riara University Library General stack 14/10/2016 1 HF5550.P48 2006 8722/16 27/02/2025 27/02/2025 C.2 14/10/2016 Book

Riara University Library,
P.O. Box 49940-00100,
Nairobi, Kenya.